[Event "Olimpiade 2014 - Open"]
[Site "Tromsø"]
[Date "08.08.2014"]
[Round "6.62"]
[Board "3"]
[White "Fesalbon, Rolando"]
[Black "Li Ying, Patrick"]
[Result "0-1"]
[BlackTitle "CM"]
[WhiteElo "2051"]
[BlackElo "2125"]
[WhiteTeam "Macau"]
[BlackTeam "Mauritius"]
[WhiteFideId "15400131"]
[BlackFideId "9700056"]
[EventDate "2014.08.02"]

1. d4 d5 2. c4 c6 3. cxd5 cxd5 4. Nf3 Nf6 5. Nc3 e6 6. Bg5 Be7 7. e3 O-O 8. Bd3
Nbd7 9. O-O b6 10. Rc1 Bb7 11. Nb5 a6 12. Nc7 Ra7 13. Qa4 Nb8 14. Ne5 Nfd7 15.
Nxd7 Nxd7 16. Bf4 e5 17. Bxe5 Nxe5 18. dxe5 Bc5 19. b4 Qxc7 20. bxc5 bxc5 21.
Qc2 c4 22. Bxh7+ Kh8 23. f4 Qb6 24. Rf3 g6 25. Rb1 Qc6 26. Rh3 Kg7 27. f5 Rh8
28. f6+ Kf8 29. Qb2 Bc8 30. Qa3+ Ke8 31. e6 Qxe6 32. Rb8 Rb7 33. Qa4+ Kd8 34.
Qa5+ Kd7 35. Qa4+ Kc7 36. Rxb7+ Kxb7 37. Qb4+ Qb6 38. Qe7+ Qc7 39. Qb4+ Ka7 40.
Rh4 Be6 41. Qc3 Qb6 42. h3 Qb1+ 43. Kh2 Qb8+ 44. g3 Qb6 45. Kg2 Rb8 46. Kf3 Qb1
47. Qd4+ Ka8 48. e4 Qf1+ 49. Qf2 Qh1+ 50. Ke3 Qc1+ 51. Kd4 c3 52. Ke5 Qb2 53.
Qf1 c2+ 54. Kd6 Rb6+ 55. Ke7 Qb4+ 0-1

[Event "Olimpiade 2014 - Open"]
[Site "Tromsø"]
[Date "08.08.2014"]
[Round "6.62"]
[Board "4"]
[White "Goorsahye, Antoine"]
[Black "Wong, Kit"]
[Result "1/2-1/2"]
[WhiteElo "1760"]
[BlackElo "1565"]
[WhiteTeam "Mauritius"]
[BlackTeam "Macau"]
[WhiteFideId "9700110"]
[BlackFideId "15400379"]
[EventDate "2014.08.02"]

1. e4 e5 2. Nf3 Nc6 3. Bb5 a6 4. Ba4 Nf6 5. O-O Be7 6. Re1 b5 7. Bb3 d6 8. c3
O-O 9. d3 Na5 10. Bc2 c5 11. Nbd2 Nc6 12. Nf1 Qc7 13. Ng3 Bd7 14. h3 Rac8 15.
Be3 Rfe8 16. Rc1 Qb8 17. Nh2 h6 18. f4 d5 19. f5 d4 20. Bf2 Nh7 21. Nh5 Bg5 22.
Rb1 Qd6 23. h4 Be7 24. g4 g6 25. Ng3 Bxh4 26. Nf3 Be7 27. Kg2 Ng5 28. Nh4 Kg7
29. Rh1 Rh8 30. Qe2 Rcg8 31. Rbf1 Nh7 32. Bb3 Bxh4 33. Rxh4 Rf8 34. Be1 Qe7 35.
Rfh1 Nf6 36. Bd2 g5 37. R4h3 Qd8 38. Kf3 Rh7 39. Qh2 Rfh8 40. Bd5 Ne7 41. Bb3
Nc6 42. Bd5 Ne7 43. Bb3 Nc6 1/2-1/2

[Event "Olimpiade 2014 - Open"]
[Site "Tromsø"]
[Date "08.08.2014"]
[Round "6.63"]
[Board "1"]
[White "Magana, Ben"]
[Black "Boydia, Sidi"]
[Result "0-1"]
[WhiteTitle "CM"]
[BlackTitle "FM"]
[WhiteElo "2085"]
[BlackElo "2068"]
[WhiteTeam "Kenya"]
[BlackTeam "Mauritania"]
[WhiteFideId "10800166"]
[BlackFideId "19600100"]
[EventDate "2014.08.02"]

1. e4 e5 2. Nf3 Nc6 3. Bb5 a6 4. Ba4 Nf6 5. O-O Be7 6. Re1 b5 7. Bb3 d6 8. c3
O-O 9. h3 Bb7 10. d4 Re8 11. Ng5 Rf8 12. Nf3 Re8 13. Nbd2 Bf8 14. Bc2 g6 15. b3
Bg7 16. d5 Ne7 17. Nf1 c6 18. c4 Rc8 19. Ng3 Qc7 20. Bd3 cxd5 21. cxd5 Nfxd5 22.
Bg5 Nc3 23. Qd2 f6 24. Bh6 d5 25. a4 dxe4 26. Nxe4 Nxe4 27. Bxe4 Bxe4 28. Rxe4
Red8 29. Qc1 Qxc1+ 30. Bxc1 f5 0-1

[Event "Olimpiade 2014 - Open"]
[Site "Tromsø"]
[Date "08.08.2014"]
[Round "6.63"]
[Board "2"]
[White "Hemam, Moulaye Brahim"]
[Black "Atwoli, Joseph"]
[Result "1-0"]
[WhiteTitle "CM"]
[WhiteElo "2070"]
[BlackElo "2046"]
[WhiteTeam "Mauritania"]
[BlackTeam "Kenya"]
[WhiteFideId "19600054"]
[BlackFideId "10800816"]
[EventDate "2014.08.02"]

1. d4 d5 2. Nf3 Nc6 3. g3 Bf5 4. Bg2 Qd7 5. h3 f6 6. Nh4 Be6 7. c3 Bf7 8. e4
O-O-O 9. Nd2 e5 10. dxe5 dxe4 11. Bxe4 Nxe5 12. Qc2 g6 13. Nhf3 Nc4 14. Nxc4
Bxc4 15. Be3 Bg7 16. Nd2 Be6 17. O-O-O Qb5 18. Nb3 Ne7 19. Nd4 Qa6 20. Nxe6 Qxe6
21. Kb1 f5 22. Bf3 a6 23. Rhe1 Rhe8 24. Bc5 Rxd1+ 25. Qxd1 Qf7 26. Qe2 Bf6 27.
h4 h6 28. Qe6+ Qxe6 29. Rxe6 b6 30. Ba3 Bg7 31. Rxe7 Rxe7 32. Bxe7 Kd7 33. Ba3
a5 34. Kc2 c5 35. b3 Bf6 36. Bc1 g5 37. hxg5 hxg5 38. Kd3 b5 39. Be3 Kd6 40. Bh5
Be7 41. Be8 b4 42. cxb4 cxb4 43. Kc4 Bd8 44. Bf7 Ke5 45. Bd4+ Kd6 46. f3 Ke7 47.
Bg6 Ke6 48. g4 fxg4 49. fxg4 Kd6 50. Kb5 1-0

[Event "Olimpiade 2014 - Open"]
[Site "Tromsø"]
[Date "08.08.2014"]
[Round "6.63"]
[Board "3"]
[White "Ouma, Stephen"]
[Black "Taleb Mohamed, Ahmed"]
[Result "1-0"]
[BlackTitle "CM"]
[WhiteElo "2038"]
[BlackElo "2024"]
[WhiteTeam "Kenya"]
[BlackTeam "Mauritania"]
[WhiteFideId "10800824"]
[BlackFideId "19600038"]
[EventDate "2014.08.02"]

1. e4 e5 2. Bc4 Nf6 3. Nc3 Nc6 4. d3 Na5 5. Nge2 h6 6. h3 Be7 7. O-O O-O 8. Ng3
d6 9. Be3 c6 10. Bb3 b5 11. f4 b4 12. Nce2 Re8 13. fxe5 dxe5 14. Nf5 Bf8 15.
Neg3 Qc7 16. Nxh6+ gxh6 17. Rxf6 Nxb3 18. axb3 Bg7 19. Nh5 Bxf6 20. Nxf6+ Kf8
21. Bxh6+ Ke7 22. Nxe8 Qb6+ 23. Kh2 Kxe8 24. Bg7 Ke7 25. Bxe5 Be6 26. Qf3 Rg8
27. Qf6+ Kd7 28. Bg3 a5 29. Qe5 Rd8 30. Qxa5 Qe3 31. Qc7+ Ke8 32. Bh4 f6 33.
Bxf6 Rd7 34. Qg3 Qh6 35. e5 Kf7 36. Ra8 Qh7 37. Rh8 1-0

[Event "Olimpiade 2014 - Open"]
[Site "Tromsø"]
[Date "08.08.2014"]
[Round "6.64"]
[Board "1"]
[White "Drayton, Anthony"]
[Black "Olape, Bunmi"]
[Result "1-0"]
[BlackTitle "IM"]
[WhiteElo "1828"]
[BlackElo "2273"]
[WhiteTeam "Guyana"]
[BlackTeam "Nigeria"]
[WhiteFideId "19700261"]
[BlackFideId "8500290"]
[EventDate "2014.08.02"]

1. Nf3 d5 2. d4 Nf6 3. c4 c6 4. Nc3 e6 5. Bf4 dxc4 6. e3 b5 7. a4 Qb6 8. g3 Bb7
9. Bg2 Bb4 10. Nd2 O-O 11. O-O a6 12. Na2 Be7 13. b3 cxb3 14. Qxb3 Nbd7 15. Rfc1
c5 16. Bxb7 Qxb7 17. axb5 Qxb5 18. Nc3 Qd3 19. Nd5 Qxd2 20. Rc2 Nxd5 21. Rxd2
cxd4 22. exd4 Nxf4 23. gxf4 Rfb8 24. Qd3 a5 25. f5 e5 26. dxe5 Nxe5 27. Qe4 Bf6
28. Rad1 h5 29. h3 Rc8 30. f4 Nc4 31. Rd7 Nb6 32. Rb7 Rcb8 33. Rxb6 1-0

[Event "Olimpiade 2014 - Open"]
[Site "Tromsø"]
[Date "08.08.2014"]
[Round "6.64"]
[Board "2"]
[White "Kigigha, Bomo"]
[Black "Greenidge, Ronuel"]
[Result "1-0"]
[WhiteTitle "CM"]
[WhiteElo "2197"]
[BlackElo "1630"]
[WhiteTeam "Nigeria"]
[BlackTeam "Guyana"]
[WhiteFideId "8500037"]
[BlackFideId "19700075"]
[EventDate "2014.08.02"]

1. c4 c5 2. Nf3 b6 3. g3 Bb7 4. Bg2 Nf6 5. Nc3 e6 6. O-O Be7 7. d4 cxd4 8. Qxd4
d6 9. Rd1 a6 10. b3 O-O 11. e4 Nbd7 12. Qe3 Qc7 13. Bb2 Rfd8 14. Rac1 Rac8 15.
Nd4 Qb8 16. h3 Qa8 17. g4 Nc5 18. Re1 h6 19. f4 e5 20. Nf5 Bf8 21. Rcd1 Qb8 22.
g5 exf4 23. Qxf4 Ne6 24. Nxh6+ gxh6 25. Qxf6 Bg7 26. Qf2 Nxg5 27. h4 Ne6 28. Nd5
Bxd5 29. exd5 Nf8 30. Qg3 Ng6 31. Bxg7 Kxg7 32. h5 b5 33. hxg6 fxg6 34. Re7+ 1-0

[Event "Olimpiade 2014 - Open"]
[Site "Tromsø"]
[Date "08.08.2014"]
[Round "6.64"]
[Board "3"]
[White "Su, Haifeng"]
[Black "Ajibowo, Olamide Patrick"]
[Result "0-1"]
[BlackTitle "FM"]
[WhiteElo "1724"]
[BlackElo "2168"]
[WhiteTeam "Guyana"]
[BlackTeam "Nigeria"]
[WhiteFideId "19700202"]
[BlackFideId "8500444"]
[EventDate "2014.08.02"]

1. e4 c5 2. Nf3 a6 3. Nc3 d6 4. d4 cxd4 5. Nxd4 Nf6 6. Be2 e5 7. Nb3 Be7 8. a4
b6 9. Be3 Bb7 10. f3 Nbd7 11. O-O h5 12. Bc4 h4 13. Bd5 Qc7 14. Nc1 Nxd5 15.
Nxd5 Bxd5 16. Qxd5 Rc8 17. Rf2 O-O 18. Nd3 a5 19. Rc1 Qc4 20. Qxc4 Rxc4 21. b3
Rc6 22. Nb2 Rfc8 23. Nc4 f5 24. Rd2 fxe4 25. fxe4 Kf7 26. Re2 Ke6 27. Rd1 Rxc4
28. bxc4 Rxc4 29. Bf2 Rxa4 30. Rb1 Bd8 31. h3 g5 32. Kf1 Nf6 33. Bxb6 Bxb6 34.
Rxb6 Nxe4 35. Re1 Rc4 36. Kg1 a4 37. Ra1 Rxc2 0-1

[Event "Olimpiade 2014 - Open"]
[Site "Tromsø"]
[Date "08.08.2014"]
[Round "6.64"]
[Board "4"]
[White "Balogun, Oluwafemi"]
[Black "Varona-Thomas, Maria"]
[Result "1-0"]
[WhiteTitle "CM"]
[WhiteElo "2187"]
[BlackElo "1777"]
[WhiteTeam "Nigeria"]
[BlackTeam "Guyana"]
[WhiteFideId "8501246"]
[BlackFideId "19700288"]
[EventDate "2014.08.02"]

1. d4 d6 2. c4 Nf6 3. Nc3 Nbd7 4. Bg5 g6 5. e4 e5 6. d5 h6 7. Be3 Nc5 8. f3 a5
9. Nge2 Bg7 10. Qd2 b6 11. b3 Bd7 12. Rb1 Nh5 13. g4 Nf6 14. Ng3 h5 15. g5 Ng8
16. h4 Ne7 17. Be2 Qc8 18. Nd1 O-O 19. Nf2 Qa6 20. O-O Rfb8 21. Rbd1 Qc8 22. Kg2
Qb7 23. Nd3 Ra7 24. Rf2 Rf8 25. f4 Nxd3 26. Qxd3 Raa8 27. f5 Bh8 28. f6 Nc8 29.
Nxh5 gxh5 30. Bxh5 Kh7 31. Qe2 Be8 32. Bg4 Rg8 33. Bf5+ Rg6 34. h5 c5 35. hxg6+
fxg6 36. Qh5+ Kg8 37. Be6+ Bf7 38. Qxg6+ Kf8 39. Qh6+ 1-0

[Event "Olimpiade 2014 - Open"]
[Site "Tromsø"]
[Date "08.08.2014"]
[Round "6.67"]
[Board "1"]
[White "Alice, Mateus Felizardo Viageiro"]
[Black "Muniz Pardino, Alberto"]
[Result "1-0"]
[WhiteTitle "FM"]
[WhiteElo "2121"]
[BlackElo "2106"]
[WhiteTeam "Mozambique"]
[BlackTeam "Hong Kong"]
[WhiteFideId "14800047"]
[BlackFideId "2229560"]
[EventDate "2014.08.02"]

1. e4 c5 2. Nf3 d6 3. d4 cxd4 4. Nxd4 Nf6 5. Nc3 g6 6. Be3 a6 7. f3 b5 8. a4 b4
9. Na2 e5 10. Nb3 d5 11. Bg5 Nbd7 12. exd5 Bb7 13. c4 bxc3 14. Nxc3 Bb4 15. Nd2
Qa5 16. Nc4 Qxd5 17. Qxd5 Nxd5 18. O-O-O N7b6 19. Nxb6 Nxb6 20. Bf6 O-O 21. Bxe5
Rac8 22. Kb1 Nc4 23. Bxc4 Rxc4 24. Bd6 Rfc8 25. Bxb4 Rxb4 26. Ka2 Bc6 27. Ka3
Rcb8 28. Rd2 Rb3+ 29. Ka2 a5 30. Rd8+ Kg7 31. Rxb8 Rxb8 32. Rd1 h5 33. Rd6 Rc8
34. Ka3 Kf8 35. Rd3 g5 36. b4 axb4+ 37. Kxb4 g4 38. fxg4 hxg4 39. g3 Rb8+ 40.
Nb5 Re8 41. Rd2 f5 42. Kc5 Bf3 43. a5 f4 44. gxf4 Re4 45. Nd4 Kf7 46. f5 Kf6 47.
a6 Re5+ 48. Kb6 Ba8 49. Nc6 Rxf5 50. Rd8 Bxc6 51. Rf8+ 1-0

[Event "Olimpiade 2014 - Open"]
[Site "Tromsø"]
[Date "08.08.2014"]
[Round "6.67"]
[Board "2"]
[White "Yang, Robert Michael"]
[Black "Mucongoma, Miguel Jose Maconi"]
[Result "1/2-1/2"]
[BlackTitle "FM"]
[WhiteElo "1945"]
[BlackElo "2194"]
[WhiteTeam "Hong Kong"]
[BlackTeam "Mozambique"]
[WhiteFideId "6002072"]
[BlackFideId "14800080"]
[EventDate "2014.08.02"]

1. e4 c5 2. Nf3 d6 3. d4 cxd4 4. Nxd4 Nf6 5. Nc3 a6 6. Bc4 e6 7. Bb3 Be7 8. O-O
Qc7 9. Be3 Nc6 10. a4 O-O 11. Qe2 Bd7 12. Rad1 Rac8 13. f4 Nxd4 14. Bxd4 e5 15.
Nd5 Nxd5 16. exd5 Bxa4 17. fxe5 Bxb3 18. cxb3 dxe5 19. Bxe5 Bd6 20. Bxd6 Qxd6
21. Rfe1 g6 22. Qe7 Qb6+ 23. Qe3 Qxe3+ 24. Rxe3 Rc7 25. d6 Rd7 26. b4 Rfd8 27.
Red3 f5 28. Kf2 Kf7 29. Kf3 Kf6 30. b5 axb5 31. Rd5 b6 32. h4 Ke6 33. Rxb5 Rxd6
34. Rxb6 Rxb6 35. Rxd8 Rxb2 36. Re8+ Kf7 37. Re3 Kf6 38. Ra3 Rb6 39. g3 h6 40.
Rc3 g5 41. hxg5+ hxg5 42. Rc8 g4+ 43. Kf2 Rb2+ 44. Kf1 Ke5 45. Rc5+ Ke4 46. Rc4+
Kd5 47. Ra4 Rd2 48. Rf4 Ke5 49. Kg1 Rd4 50. Rf2 Re4 51. Kg2 Rd4 52. Kg1 Rd3 53.
Kg2 Re3 54. Rf4 Re2+ 55. Kg1 Kf6 56. Kf1 Re4 57. Rf2 Kg5 58. Kg1 Re3 59. Kg2 Ra3
60. Rf4 Ra2+ 61. Kg1 Kf6 62. Kf1 Ke5 63. Kg1 Re2 64. Kf1 Re4 65. Rf2 Ra4 66. Kg2
f4 67. Rxf4 Rxf4 68. gxf4+ Kxf4 69. Kf2 g3+ 70. Kg1 Kg4 71. Kg2 Kh4 72. Kg1 1/2-1/2

[Event "Olimpiade 2014 - Open"]
[Site "Tromsø"]
[Date "08.08.2014"]
[Round "6.67"]
[Board "3"]
[White "Calicoca, Wilton Inacio"]
[Black "Chan, Chak Man"]
[Result "1-0"]
[BlackTitle "CM"]
[WhiteElo "2218"]
[BlackElo "1858"]
[WhiteTeam "Mozambique"]
[BlackTeam "Hong Kong"]
[WhiteFideId "14800268"]
[BlackFideId "6001300"]
[EventDate "2014.08.02"]

1. e4 Nf6 2. e5 Nd5 3. c4 Nb6 4. d4 d6 5. f4 dxe5 6. fxe5 Nc6 7. Be3 g6 8. h3
Bg7 9. Nf3 O-O 10. Be2 Bf5 11. Nc3 f6 12. g4 Bc8 13. e6 f5 14. Qd2 f4 15. Bf2
Na5 16. b3 c6 17. Ne4 Naxc4 18. bxc4 Bxe6 19. Rc1 h6 20. Nc5 Bc8 21. Nd3 g5 22.
Nde5 Nd7 23. Nxd7 Bxd7 24. d5 Qc7 25. Bd4 e5 26. dxe6 Bxe6 27. Bxg7 Kxg7 28.
Qd4+ Rf6 29. O-O Re8 30. Rfe1 c5 31. Qc3 h5 32. Nxg5 f3 33. Bxf3 Qg3+ 34. Bg2
Qf2+ 35. Kh1 Qd4 36. Qxd4 cxd4 37. Nxe6+ Rfxe6 38. Rxe6 Rxe6 39. Bxb7 d3 40. Rd1
Re3 41. gxh5 Kf6 42. c5 Ke6 43. Kg2 1-0

[Event "Olimpiade 2014 - Open"]
[Site "Tromsø"]
[Date "08.08.2014"]
[Round "6.67"]
[Board "4"]
[White "Wong, Brian"]
[Black "Abrantes, Persson"]
[Result "0-1"]
[BlackTitle "CM"]
[WhiteElo "1878"]
[BlackElo "1986"]
[WhiteTeam "Hong Kong"]
[BlackTeam "Mozambique"]
[WhiteFideId "6001394"]
[BlackFideId "14800063"]
[EventDate "2014.08.02"]

1. b4 Nf6 2. Bb2 g6 3. c4 Bg7 4. Nf3 d6 5. Nc3 O-O 6. e3 e5 7. Qc2 Na6 8. a3 c5
9. b5 Nc7 10. Be2 Re8 11. O-O Bg4 12. h3 Bd7 13. d3 Nh5 14. Ne4 Qe7 15. a4 f5
16. Nc3 Nf6 17. Rad1 Ne6 18. Rfe1 g5 19. d4 cxd4 20. exd4 e4 21. Nh2 Nf4 22. Ba3
b6 23. Nf1 g4 24. hxg4 fxg4 25. Ne3 Rac8 26. c5 bxc5 27. dxc5 dxc5 28. Bc4+ Kh8
29. Ncd5 N4xd5 30. Nxd5 Nxd5 31. Bxd5 g3 32. Rxe4 Bf5 33. Rxe7 Bxc2 34. Rde1
Rxe7 35. Rxe7 Bd4 36. Bc4 gxf2+ 37. Kf1 Bxa4 38. Bc1 Rb8 39. Bh6 a6 40. Bf4 Bxb5
41. Bxb5 Rxb5 42. Be5+ Bxe5 43. Rxe5 a5 44. Kxf2 a4 45. Ke3 Ra5 46. Kd2 a3 47.
Re1 a2 48. Ra1 Kg7 49. Kc3 Kg6 50. g4 Kg5 51. Kb2 h6 52. Kb3 Kxg4 53. Kc2 h5 54.
Kb2 h4 55. Rg1+ Kf3 56. Ka1 h3 57. Rc1 Ra3 58. Rc2 Kg3 59. Rxc5 h2 60. Rc1 Kh3 0-1

[Event "Olimpiade 2014 - Open"]
[Site "Tromsø"]
[Date "08.08.2014"]
[Round "6.68"]
[Board "1"]
[White "Pace, Colin"]
[Black "Samhouri, Bilal"]
[Result "0-1"]
[WhiteTitle "CM"]
[BlackTitle "FM"]
[WhiteElo "2139"]
[BlackElo "2256"]
[WhiteTeam "Malta"]
[BlackTeam "Jordan"]
[WhiteFideId "5600189"]
[BlackFideId "8100942"]
[EventDate "2014.08.02"]

1. e4 e5 2. Nf3 Nc6 3. Bc4 g6 4. d4 exd4 5. Nxd4 Bg7 6. Nxc6 bxc6 7. O-O Ne7 8.
Nc3 O-O 9. Bg5 d6 10. f4 Be6 11. f5 Bxc4 12. f6 Re8 13. fxe7 Qd7 14. Rf3 h6 15.
Bh4 g5 16. Bf2 Qxe7 17. Bd4 Be5 18. Bxe5 Qxe5 19. Rf5 Qg7 20. Qf3 Rab8 21. b3
Qd4+ 22. Kh1 Be6 23. Rd1 Qg7 24. Ra5 Ra8 25. e5 d5 26. Qe3 Bf5 27. Rf1 Qxe5 28.
Qf2 Bg6 29. Rc5 Qd6 30. Na4 Re4 31. Rc3 d4 32. Rf3 Qe5 33. Rf6 Kh8 34. Nc5 Qxc5
35. Rxg6 Rf4 36. Rxh6+ Kg7 37. Qe2 Kxh6 0-1

[Event "Olimpiade 2014 - Open"]
[Site "Tromsø"]
[Date "08.08.2014"]
[Round "6.68"]
[Board "2"]
[White "Mansour, Sameer"]
[Black "Zerafa, Robert"]
[Result "1-0"]
[WhiteTitle "FM"]
[BlackTitle "CM"]
[WhiteElo "2249"]
[BlackElo "2084"]
[WhiteTeam "Jordan"]
[BlackTeam "Malta"]
[WhiteFideId "8100144"]
[BlackFideId "5600618"]
[EventDate "2014.08.02"]

1. d4 Nf6 2. c4 g6 3. Nc3 Bg7 4. Nf3 O-O 5. Bg5 d6 6. e3 Nfd7 7. Be2 c5 8. O-O
cxd4 9. exd4 Nc6 10. Qd2 Re8 11. Rfe1 Nb6 12. d5 Ne5 13. Nxe5 Bxe5 14. Bf1 a5
15. c5 Nd7 16. c6 bxc6 17. dxc6 Nc5 18. f4 Bxc3 19. Qxc3 Qb6 20. Kh1 Ra7 21. Bh6
f6 22. Qxf6 exf6 23. Rxe8+ Kf7 24. Rxc8 d5 25. Re1 Ne4 1-0

[Event "Olimpiade 2014 - Open"]
[Site "Tromsø"]
[Date "08.08.2014"]
[Round "6.68"]
[Board "3"]
[White "Zerafa, Patrick"]
[Black "Mohannad, Farhan"]
[Result "0-1"]
[WhiteTitle "CM"]
[BlackTitle "FM"]
[WhiteElo "2079"]
[BlackElo "2321"]
[WhiteTeam "Malta"]
[BlackTeam "Jordan"]
[WhiteFideId "5600375"]
[BlackFideId "8100918"]
[EventDate "2014.08.02"]

1. d4 Nf6 2. c4 d6 3. Nc3 Nbd7 4. e4 e5 5. d5 Nc5 6. Qc2 a5 7. h3 Be7 8. Nge2 h6
9. Be3 O-O 10. g4 Nh7 11. Bg2 Bg5 12. f4 Bh4+ 13. Kd2 exf4 14. Nxf4 Re8 15. Nd3
Bg5 16. Rae1 Bxe3+ 17. Rxe3 Qg5 18. Nxc5 dxc5 19. Re1 h5 20. Bf3 hxg4 21. hxg4
Nf6 22. Rg1 c6 23. Qd3 Nd7 24. Kc2 Ne5 25. Qe2 Nxc4 26. Rd3 Ne5 27. Rdd1 b6 28.
Rg2 Ba6 29. Qf2 Rad8 30. Rh1 Qf4 31. Rgh2 f6 32. Bd1 Bd3+ 33. Kb3 a4+ 34. Nxa4
Qxe4 35. Qd2 Qxd5+ 0-1

[Event "Olimpiade 2014 - Open"]
[Site "Tromsø"]
[Date "08.08.2014"]
[Round "6.68"]
[Board "4"]
[White "Khader, Sami"]
[Black "Vella, Duncan"]
[Result "1-0"]
[WhiteTitle "IM"]
[BlackTitle "CM"]
[WhiteElo "2352"]
[BlackElo "1979"]
[WhiteTeam "Jordan"]
[BlackTeam "Malta"]
[WhiteFideId "8100500"]
[BlackFideId "5600243"]
[EventDate "2014.08.02"]

1. d4 d5 2. c4 c6 3. Nc3 Nf6 4. Nf3 dxc4 5. g3 b5 6. Bg2 Bb7 7. Ne5 a6 8. a4 b4
9. Nb1 e6 10. a5 c3 11. bxc3 bxc3 12. O-O Bb4 13. Qb3 Qe7 14. Ra4 c5 15. Bxb7
Qxb7 16. dxc5 Qd5 17. Rxb4 O-O 18. Qxd5 Nxd5 19. Rc4 1-0

[Event "Olimpiade 2014 - Open"]
[Site "Tromsø"]
[Date "08.08.2014"]
[Round "6.69"]
[Board "1"]
[White "Soriano, Rudolph P."]
[Black "Righi, Ezio"]
[Result "0-1"]
[BlackTitle "CM"]
[WhiteElo "1802"]
[BlackElo "2085"]
[WhiteTeam "Guam"]
[BlackTeam "San Marino"]
[WhiteFideId "31000142"]
[BlackFideId "11800038"]
[EventDate "2014.08.02"]

1. Nf3 Nf6 2. b3 d5 3. Bb2 e6 4. e3 Be7 5. d4 O-O 6. Bd3 Nbd7 7. Nbd2 c5 8. O-O
b6 9. Rc1 cxd4 10. exd4 Bb7 11. Re1 Rc8 12. c3 Qc7 13. Bb1 Bd6 14. c4 Qb8 15.
Ne5 Rfd8 16. Qe2 Nf8 17. Nf1 Qa8 18. f3 Qb8 19. Qf2 N6d7 20. Qh4 Nxe5 21. dxe5
Bc5+ 22. Kh1 dxc4 23. Rxc4 Ba6 24. Rg4 Bd3 25. Bxd3 Rxd3 26. Qg5 Ng6 27. Ng3 Be7
28. Qh5 Rc2 29. Ba1 Qd8 30. Rge4 Rdd2 31. Nf1 Rxg2 32. Rd4 Qa8 33. Red1 Rgf2 34.
R4d3 Nf4 35. Bd4 Nxh5 36. Bxf2 Rxf2 37. Nd2 Nf4 38. Re3 Bb4 39. Ne4 Rxf3 40.
Rxf3 Qxe4 41. Rf1 g5 42. h3 h5 43. Kh2 Qxe5 44. Kh1 Bc5 0-1

[Event "Olimpiade 2014 - Open"]
[Site "Tromsø"]
[Date "08.08.2014"]
[Round "6.70"]
[Board "2"]
[White "Kouevi, Mawuvi Koue"]
[Black "Yang Ching Wei, Austin"]
[Result "0-1"]
[WhiteElo "1841"]
[BlackElo "1883"]
[WhiteTeam "Togo"]
[BlackTeam "Chinese Taipei"]
[WhiteFideId "21200041"]
[BlackFideId "16300440"]
[EventDate "2014.08.02"]

1. d4 Nf6 2. c4 e6 3. Nc3 Bb4 4. Bd2 O-O 5. Nf3 b6 6. g3 Bb7 7. Bg2 d6 8. O-O
Nbd7 9. a3 Bxc3 10. Bxc3 Ne4 11. Qc2 f5 12. e3 Qe8 13. b4 Qh5 14. Nd2 Ndf6 15.
f3 Ng5 16. h4 Nf7 17. Kf2 Rae8 18. Rh1 e5 19. d5 Nh6 20. b5 f4 21. exf4 exf4 22.
g4 Nfxg4+ 23. fxg4 Nxg4+ 24. Kg1 Ne3 25. Qd3 Nxg2 26. Kxg2 Re3 27. Qd4 Qe2+ 0-1

[Event "Olimpiade 2014 - Open"]
[Site "Tromsø"]
[Date "08.08.2014"]
[Round "6.70"]
[Board "3"]
[White "Ho, Jei-Chen"]
[Black "Fumey, Enyonam Sewa"]
[Result "1-0"]
[WhiteElo "1808"]
[BlackElo "1833"]
[WhiteTeam "Chinese Taipei"]
[BlackTeam "Togo"]
[WhiteFideId "16300599"]
[BlackFideId "21200033"]
[EventDate "2014.08.02"]

1. d4 Nf6 2. c4 d5 3. Nc3 c6 4. Nf3 e6 5. Bg5 Be7 6. e3 Nbd7 7. Qc2 O-O 8. Rc1
Re8 9. a3 b6 10. cxd5 exd5 11. Bd3 h6 12. Bh4 c5 13. dxc5 Nxc5 14. O-O Nxd3 15.
Qxd3 Bd6 16. Bxf6 Qxf6 17. Qxd5 Bf5 18. Nb5 Bb8 19. Nbd4 Be4 20. Qd7 Rd8 21. Qg4
Bb7 22. b4 a6 23. a4 g6 24. b5 Bd6 25. Nc6 Bc8 26. Qc4 Be6 27. Qe2 Rdc8 28. Nfd4
Bd5 29. e4 Re8 30. f3 Bc5 31. e5 Bxc6 32. Rxc5 bxc5 33. Nxc6 Qf4 34. Qc2 axb5
35. axb5 Qe3+ 36. Kh1 Ra3 37. Rb1 Rc3 38. Qd1 c4 39. b6 Rb3 40. b7 Qd3 41. Qxd3
Rxd3 42. b8=Q Rxb8 43. Rxb8+ Kg7 44. Kg1 c3 45. Nb4 Rd2 46. Rc8 Rd4 47. Na6 Ra4
48. Nc7 Ra1+ 49. Kf2 Ra2+ 50. Kg3 f5 51. exf6+ Kf7 52. Nd5 c2 53. Nb4 Ra1 54.
Nxc2 Ra6 55. Nd4 Ra4 56. Nb5 Kxf6 57. Nc3 Ra1 58. Ne4+ Ke7 59. Rc6 Kf7 60. Rc7+
Ke6 61. Rg7 Kf5 62. Rf7+ Ke6 63. Rf6+ Ke7 64. Rxg6 h5 65. Rg5 1-0

[Event "Olimpiade 2014 - Open"]
[Site "Tromsø"]
[Date "08.08.2014"]
[Round "6.71"]
[Board "1"]
[White "Meier, Peter"]
[Black "Bah, Ebrima"]
[Result "0-1"]
[WhiteElo "2039"]
[BlackElo "2070"]
[WhiteTeam "Seychelles"]
[BlackTeam "Gambia"]
[WhiteFideId "9800158"]
[BlackFideId "21100039"]
[EventDate "2014.08.02"]

1. d4 d5 2. c4 c6 3. Nf3 e6 4. e3 Bd6 5. Bd3 Ne7 6. Qc2 h6 7. b3 Nd7 8. Bb2 Nf6
9. Nbd2 a5 10. O-O O-O 11. e4 Bc7 12. Rac1 b6 13. cxd5 exd5 14. e5 Ne8 15. Ba3
Bb7 16. Rfe1 Rc8 17. Nf1 b5 18. Bc5 Bb6 19. Ng3 Bxc5 20. Qxc5 Qd7 21. Nh4 Nc7
22. Nhf5 Nxf5 23. Nxf5 Ne6 24. Qc3 b4 25. Qd2 f6 26. Nd6 Nxd4 27. Nxc8 Bxc8 28.
Bh7+ Kxh7 29. Qxd4 fxe5 30. Rxe5 Qd6 31. Rce1 Qf6 32. Qe3 Bf5 33. Qf4 Qd6 34.
Qd2 Rf6 35. f3 Be4 36. Re8 Bf5 37. Rd1 Qd7 38. Re2 Qa7+ 39. Qe3 Qxe3+ 40. Rxe3
Rd6 41. Re5 Kg6 42. g4 Be6 43. Kf2 Kf6 44. Rde1 g5 45. R5e2 c5 46. Rd2 Rc6 47.
Ke3 c4 48. Kd4 c3 49. Rc2 a4 50. Rb1 Bf7 51. Rf1 Re6 52. Kc5 Bg6 53. Rcf2 axb3
54. axb3 c2 55. Kxd5 Re3 56. f4 Rxb3 57. f5 Bf7+ 58. Kc5 Rb1 59. Rxc2 Rxf1 60.
Kxb4 Rf4+ 0-1

[Event "Olimpiade 2014 - Open"]
[Site "Tromsø"]
[Date "08.08.2014"]
[Round "6.71"]
[Board "2"]
[White "Dalliah, Joseph"]
[Black "Meier, Kurt"]
[Result "0-1"]
[BlackTitle "CM"]
[WhiteElo "2060"]
[BlackElo "1944"]
[WhiteTeam "Gambia"]
[BlackTeam "Seychelles"]
[WhiteFideId "21100055"]
[BlackFideId "1307398"]
[EventDate "2014.08.02"]

1. d4 Nf6 2. c4 g6 3. Nc3 d5 4. Nf3 Bg7 5. Bf4 c6 6. e3 Qb6 7. Qd2 Bf5 8. Ne5
Nbd7 9. f3 Nxe5 10. Bxe5 O-O 11. g4 Be6 12. Na4 Qd8 13. Nc5 Qc8 14. Qb4 b6 15.
Nxe6 Qxe6 16. Qc3 Rac8 17. Qb3 c5 18. Bxf6 dxc4 19. Bxc4 Qxf6 20. O-O-O cxd4 21.
exd4 Qc6 22. Kb1 Qxc4 23. Qe3 e6 24. a3 Rfd8 25. Rd3 Bxd4 26. Qd2 Bf6 27. Rd1
Rxd3 28. Qxd3 Qxd3+ 29. Rxd3 Rd8 30. Rb3 Rd1+ 31. Ka2 Rh1 0-1